000 00217nam a22000977a 4500
008 170126b xxu||||| |||| 00| 0 eng d
041 _aeng
080 _a61
245 _aMEDICINE SHOW
_cCONSUMER REPORTS
942 _2udc
_cBK
999 _c3706
_d3706